Zustimmung - Anpassung - Widerspruch : (Titelsatznr. 32275)
[ MARC ]
| 000 -Satzkennung | |
|---|---|
| Kontrollfeld mit fester Länge | 01181nam a22003251c 4500 |
| 001 - Kontrollnummer | |
| Kontrollfeld | a987695718 |
| 003 - Kontrollnummer Identifier | |
| Kontrollfeld | RU-10907106 |
| 005 - Datum und Zeit der letzten Transaktion | |
| Kontrollfeld | 20211006111438.0 |
| 008 - Feld mit fester Länge zur physischen Beschreibung - Allgemeine Angaben | |
| Kontrollfeld mit fester Länge | 210112s2021 gw |||| 000u ger d |
| 020 ## - Internationale Standardbuchnummer | |
| Internationale Standardbuchnummer | 9783525560365 |
| -- | 978-3-666-56036-1 |
| Verknüpfung | 978-3-525-56036-5 |
| 040 ## - Katalogisierungsquelle | |
| Übertragungsstelle | RU-10907106 |
| Original-Katalogisierungsstelle | RU-10907106 |
| Katalogisierungssprache | ger |
| 041 ## - Sprachcode | |
| Sprachcode des Textes/der Tonspur oder des separaten Titels | ger |
| 245 00 - Titel | |
| Titel | Zustimmung - Anpassung - Widerspruch : |
| Zusatz zum Titel | Quellen zur Geschichte des bayerischen Protestantismus in der Zeit der nationalsozialistischen Herrschaft |
| 264 ## - Produktion, Veröffentlichung, Distribution, Herstellung und Urheberrechtsvermerk | |
| Herstellungs-, Veröffentlichungs- Vertriebs-, Erzeugungsort | Göttingen : |
| Produzent, Herausgeber, Distributor, Hersteller | Vandenhoeck & Ruprecht, |
| Datum der Herstellung, der Veröffentlichung, des Vertriebs oder des Urheberschutzvermerks | 2021 |
| 300 ## - Physische Beschreibung | |
| Umfang | 1 Online-Ressource (VI, 1933 Seiten) |
| 336 ## - Inhaltstyp | |
| Inhaltstypterm | Text |
| Inhaltstypcode | txt |
| Quelle | rdacontent |
| 337 ## - Medientyp | |
| Bezeichnung des Medientyps | Computermedien |
| Medientypcode | c |
| Quelle | rdamedia |
| 338 ## - Datenträgertyp | |
| Datenträgertypbezeichnung | Online-Ressource |
| Datenträgertypcode | cr |
| Quelle | rdacarrier |
| 490 #0 - Gesamttitelangabe | |
| Gesamttitelangabe | Arbeiten zur Kirchlichen Zeitgeschichte |
| Bandnummer/Folgebezeichnung | 21 |
| 500 ## - Allgemeine Fußnote | |
| Allgemeine Fußnote | E-Book-V&R eLibrary / Zugriff nur im DHI-Lesesaal |
| 650 ## - Nebeneintragung unter einem Schlagwort - Sachschlagwort | |
| Sachschlagwort oder geografischer Name als Eintragungselement | Protestantismus |
| 650 ## - Nebeneintragung unter einem Schlagwort - Sachschlagwort | |
| Sachschlagwort oder geografischer Name als Eintragungselement | Nationalsozialismus |
| 650 ## - Nebeneintragung unter einem Schlagwort - Sachschlagwort | |
| Sachschlagwort oder geografischer Name als Eintragungselement | Quelle |
| 651 ## - Nebeneintragung unter einem Schlagwort - Geografischer Name | |
| Geografischer Name | Bayern |
| 700 1# - Nebeneintragung - Personenname | |
| Personenname | Fix, Karl-Heinz |
| Funktionsbezeichnung | HerausgeberIn |
| 700 1# - Nebeneintragung - Personenname | |
| Personenname | Hermle, Siegfried |
| Funktionsbezeichnung | HerausgeberIn |
| 700 1# - Nebeneintragung - Personenname | |
| Personenname | Oelke, Harry |
| Funktionsbezeichnung | HerausgeberIn |
| 856 4# - Elektronische Adresse und Zugriff | |
| URL | <a href="https://doi.org/10.13109/9783666560361">https://doi.org/10.13109/9783666560361</a> |
| 942 ## - Zusätzliche Felder (Koha) | |
| Koha-Medientyp | E-Books |
| Klassifikation oder Aufstellungssystematik | Andere/Generische Klassifikation |
| Ausgeschieden | Verloren | Beschädigt | Nicht entleihbar | Heimatbibliothek | Aufenthaltsbibliothek | Aufstellungsort | Erwerbungsdatum | Inventarnummer | Signatur | Barcode | Letzte Aktivität | Preis gültig von | Koha-Medientyp |
|---|---|---|---|---|---|---|---|---|---|---|---|---|---|
| MWN Osteuropa | MWN Osteuropa | Online-Ressource | 12/01/2021 | 21-e00002 | E-21-e00002 | 32279 | 18/03/2021 | 22/03/2021 | E-Books |